| 000 | 00986atm a2200325 4500 | ||
|---|---|---|---|
| 005 | 20170207145557.0 | ||
| 008 | 150723b xxu||||| |||| 00| 0 spa d | ||
| 041 | _aEspañol | ||
| 082 | _a1.0.29 C116a | ||
| 100 |
_aCabo Nadal, Mónica _938093 |
||
| 245 | _aAsistencia y guía de grupos | ||
| 260 |
_aEspaña _bThomson Paraninfo _c2004 |
||
| 300 | _a298 páginas | ||
| 650 |
_aGUÍAS TURISTICAS _92114 |
||
| 650 |
_aAGENCIAS DE VIAJES _93013 |
||
| 650 |
_aPRODUCTOS TURÍSTICOS _91639 |
||
| 650 |
_aGUÍA CORREO _938094 |
||
| 650 |
_aPAQUETES TURÍSTICOS _927476 |
||
| 650 |
_aGRUPOS TURÍSTICOS _927727 |
||
| 650 |
_aOFERTA TURÍSTICA _91914 |
||
| 650 |
_aDEMANDA TURISTICA _91915 |
||
| 650 |
_aSERVICIO AL CLIENTE _91558 |
||
| 650 |
_aTRANSPORTE TURISTICO _911935 |
||
| 650 |
_aALOJAMIENTO _99744 |
||
| 650 |
_aRESTAURANTES _91700 |
||
| 650 |
_aGUÍA ACOMPAÑANTE _938095 |
||
| 650 |
_aIDENTIDAD PROFESIONAL _938096 |
||
| 650 |
_aGUÍAS TURÍSTICOS _925391 |
||
| 942 | _cBK | ||
| 999 |
_c6469 _d6469 |
||